000 00861nam a2200229 4500
003 LK-CoMWRAF
005 20231203122122.0
008 231203b2005 |||||||| |||| 00| 0 eng d
020 _a983424004X
040 _aLK-CoMWRAF
_dLK-CoMWRAF
_eLK-CoMWRAF
041 _aeng
082 _a305.42
_bJAI
100 _aJaising, Indira
245 _aThe validity of reservations and declarations to CEDAW :
_bthe Indian experience
260 _aKuala Lumpur:
_bInternational Women's Rights Action Watch Asia Pacific,
_c2005
300 _a ii, 27 p. ; 22 cm
490 _aIWRAW Asia Pacific occasional papers series
_vNo. 5
650 _aWomen Legal status, laws,
650 _aWomen's rights
856 _uhttps://www.iwraw-ap.org/wp-content/uploads/2018/09/OPS_5-THE-VALIDITY-OF-RESERVATIONS-AND-DECLARATIONS-TO-CEDAW-_-The-Indian-Experience.pdf
942 _cBK
999 _c4284
_d4284